[Event "ODJM B 2022"]
[Site "Willingen GER"]
[Date "2022.06.10"]
[Round "8"]
[White "Kieselbach, Marvin"]
[Black "Ruddat, Jarne"]
[Result "1-0"]
[Termination "normal"]
[Board "4"]
[WhiteElo "1662"]
[BlackElo "1415"]
[WhiteClock "00:25:26"]
[BlackClock "00:32:47"]
[PlyCount "95"]
[WhiteFideId "16235770"]
[BlackFideId "16254236"]
[EventCountry "GER"]
[EventRounds "9"]
[EventType "swiss"]
[EventDate "2022.06.04"]

1. d4 {[%clk 1:30:57]} Nf6 {[%clk 1:30:55]} 2. Nf3 {[%clk 1:31:18]} g6 {[%clk
1:31:22]} 3. Bg5 {[%clk 1:31:34]} Bg7 {[%clk 1:31:18]} 4. Nbd2 {[%clk 1:31:49]}
d5 {[%clk 1:30:55]} 5. e3 {[%clk 1:32:08]} O-O {[%clk 1:28:25]} 6. Bd3 {[%clk
1:29:07]} c5 {[%clk 1:26:55]} 7. c3 {[%clk 1:25:19]} cxd4 {[%clk 1:26:31]} 8.
exd4 {[%clk 1:25:13]} Bg4 {[%clk 1:23:12]} 9. O-O {[%clk 1:19:18]} e6 {[%clk
1:16:43]} 10. h3 {[%clk 1:16:24]} Bxf3 {[%clk 1:15:23]} 11. Nxf3 {[%clk
1:15:19]} a6 {[%clk 1:15:33]} 12. a4 {[%clk 1:09:15]} Nbd7 {[%clk 1:11:11]} 13.
Qd2 {[%clk 0:54:16]} Rc8 {[%clk 1:06:47]} 14. Ne5 {[%clk 0:52:22]} Qc7 {[%clk
1:03:17]} 15. Bf4 {[%clk 0:34:29]} Nxe5 {[%clk 0:54:57]} 16. Bxe5 {[%clk
0:32:58]} Qc6 {[%clk 0:53:10]} 17. Ra3 {[%clk 0:29:35]} Nd7 {[%clk 0:48:04]}
18. Bxg7 {[%clk 0:29:57]} Kxg7 {[%clk 0:48:29]} 19. Re1 {[%clk 0:25:44]} Nb6
{[%clk 0:40:54]} 20. a5 {[%clk 0:24:28]} Nc4 {[%clk 0:35:30]} 21. Bxc4 {[%clk
0:23:51]} Qxc4 {[%clk 0:35:53]} 22. Rea1 {[%clk 0:23:18]} Rfe8 {[%clk 0:35:09]}
23. Ra4 {[%clk 0:21:24]} Qc6 {[%clk 0:35:22]} 24. Rb4 {[%clk 0:19:22]} Rc7
{[%clk 0:33:27]} 25. Qf4 {[%clk 0:12:43]} Rce7 {[%clk 0:30:53]} 26. Re1 {[%clk
0:10:23]} f6 {[%clk 0:18:43]} 27. Rb6 {[%clk 0:10:13]} Qd7 {[%clk 0:18:59]} 28.
h4 {[%clk 0:08:59]} Qa4 {[%clk 0:18:01]} 29. b4 {[%clk 0:08:13]} Qd7 {[%clk
0:17:54]} 30. g4 {[%clk 0:07:57]} Rf8 {[%clk 0:16:25]} 31. Qg3 {[%clk 0:06:03]}
Rfe8 {[%clk 0:15:52]} 32. g5 {[%clk 0:05:45]} f5 {[%clk 0:15:49]} 33. Qe5+
{[%clk 0:05:56]} Kg8 {[%clk 0:15:39]} 34. Kg2 {[%clk 0:05:00]} Qc8 {[%clk
0:15:09]} 35. Re3 {[%clk 0:04:55]} Kf7 {[%clk 0:12:38]} 36. Qf6+ {[%clk
0:05:10]} Kg8 {[%clk 0:11:20]} 37. Qe5 {[%clk 0:04:08]} Kf7 {[%clk 0:11:40]}
38. Rh3 {[%clk 0:04:11]} Rg8 {[%clk 0:10:40]} 39. Qf6+ {[%clk 0:04:06]} Ke8
{[%clk 0:11:02]} 40. Re3 {[%clk 0:04:01]} Rf8 {[%clk 0:11:17]} 41. Rbxe6 {[%clk
0:01:07]} Rxf6 {[%clk 0:09:07]} 42. Rxe7+ {[%clk 0:01:25]} Kf8 {[%clk 0:09:33]}
43. gxf6 {[%clk 0:01:03]} f4 {[%clk 0:09:54]} 44. R3e6 {[%clk 0:25:28]} Qxc3
{[%clk 0:36:23]} 45. Rd6 {[%clk 0:24:52]} Qc8 {[%clk 0:36:00]} 46. Rdd7 {[%clk
0:25:04]} f3+ {[%clk 0:32:51]} 47. Kxf3 {[%clk 0:25:05]} Qc3+ {[%clk 0:32:47]}
48. Kg2 {[%clk 0:25:26]} 1-0

[Event "ODJM B 2022"]
[Site "Willingen GER"]
[Date "2022.06.10"]
[Round "8"]
[White "Hoffmann, Alexander"]
[Black "John, Niklas"]
[Result "1-0"]
[Termination "normal"]
[Board "8"]
[WhiteElo "1638"]
[BlackElo "1563"]
[WhiteClock "00:07:16"]
[BlackClock "00:00:31"]
[PlyCount "121"]
[WhiteFideId "16240219"]
[BlackFideId "16234626"]
[EventCountry "GER"]
[EventRounds "9"]
[EventType "swiss"]
[EventDate "2022.06.04"]

1. c4 {[%clk 1:30:57]} c5 {[%clk 1:30:33]} 2. Nc3 {[%clk 1:30:38]} Nc6 {[%clk
1:30:07]} 3. g3 {[%clk 1:30:47]} g6 {[%clk 1:29:50]} 4. Bg2 {[%clk 1:30:31]}
Bg7 {[%clk 1:29:43]} 5. e3 {[%clk 1:29:04]} d6 {[%clk 1:27:14]} 6. Nge2 {[%clk
1:26:54]} e5 {[%clk 1:25:16]} 7. Nd5 {[%clk 1:25:00]} Nge7 {[%clk 1:23:21]} 8.
Nec3 {[%clk 1:20:48]} O-O {[%clk 1:20:00]} 9. O-O {[%clk 1:17:27]} f5 {[%clk
1:12:01]} 10. f4 {[%clk 1:11:07]} Rb8 {[%clk 1:01:05]} 11. b3 {[%clk 1:03:58]}
Be6 {[%clk 0:57:32]} 12. Bb2 {[%clk 1:01:35]} Bf7 {[%clk 0:48:01]} 13. Nxe7+
{[%clk 0:50:25]} Nxe7 {[%clk 0:44:24]} 14. Ne2 {[%clk 0:47:35]} e4 {[%clk
0:33:47]} 15. Bxg7 {[%clk 0:45:39]} Kxg7 {[%clk 0:34:08]} 16. d3 {[%clk
0:41:58]} d5 {[%clk 0:24:30]} 17. cxd5 {[%clk 0:35:53]} Nxd5 {[%clk 0:21:52]}
18. Qd2 {[%clk 0:33:38]} exd3 {[%clk 0:19:36]} 19. Qxd3 {[%clk 0:32:34]} Re8
{[%clk 0:18:53]} 20. e4 {[%clk 0:28:48]} fxe4 {[%clk 0:16:27]} 21. Bxe4 {[%clk
0:27:44]} Nf6 {[%clk 0:09:47]} 22. Qxd8 {[%clk 0:20:50]} Rbxd8 {[%clk 0:09:48]}
23. Bf3 {[%clk 0:20:33]} Rd2 {[%clk 0:07:47]} 24. Kf2 {[%clk 0:18:32]} Ne4+
{[%clk 0:03:26]} 25. Kg1 {[%clk 0:14:33]} b5 {[%clk 0:02:04]} 26. Rfd1 {[%clk
0:13:28]} Rxe2 {[%clk 0:00:35]} 27. Bxe2 {[%clk 0:11:41]} Nc3 {[%clk 0:00:59]}
28. Bf1 {[%clk 0:09:17]} Nxd1 {[%clk 0:01:12]} 29. Rxd1 {[%clk 0:09:46]} c4
{[%clk 0:01:08]} 30. bxc4 {[%clk 0:08:46]} bxc4 {[%clk 0:01:25]} 31. Rc1 {[%clk
0:09:10]} Rc8 {[%clk 0:01:04]} 32. Rc3 {[%clk 0:05:49]} Kf6 {[%clk 0:01:04]}
33. Kf2 {[%clk 0:05:52]} Re8 {[%clk 0:00:48]} 34. a3 {[%clk 0:03:22]} h5 {[%clk
0:01:08]} 35. Bg2 {[%clk 0:02:49]} Rb8 {[%clk 0:00:47]} 36. Be4 {[%clk
0:02:40]} Rb2+ {[%clk 0:00:38]} 37. Bc2 {[%clk 0:03:07]} Be6 {[%clk 0:00:33]}
38. Ke3 {[%clk 0:03:22]} Bf5 {[%clk 0:00:33]} 39. Bxf5 {[%clk 0:03:45]} Kxf5
{[%clk 0:00:49]} 40. Rxc4 {[%clk 0:02:00]} Rb3+ {[%clk 0:00:51]} 41. Kf2 {[%clk
0:21:53]} Rxa3 {[%clk 0:26:54]} 42. h3 {[%clk 0:21:45]} Ra2+ {[%clk 0:25:18]}
43. Kf3 {[%clk 0:21:10]} Ra3+ {[%clk 0:25:37]} 44. Kg2 {[%clk 0:19:59]} Ra5
{[%clk 0:15:37]} 45. Kf3 {[%clk 0:17:07]} Rb5 {[%clk 0:10:08]} 46. Ra4 {[%clk
0:16:13]} a5 {[%clk 0:09:17]} 47. Ra3 {[%clk 0:13:30]} Ke6 {[%clk 0:08:52]} 48.
g4 {[%clk 0:08:49]} Kd6 {[%clk 0:05:36]} 49. g5 {[%clk 0:08:33]} Kc5 {[%clk
0:04:09]} 50. Re3 {[%clk 0:07:50]} Rb6 {[%clk 0:02:41]} 51. f5 {[%clk 0:06:34]}
gxf5 {[%clk 0:01:26]} 52. Kf4 {[%clk 0:06:46]} Kd4 {[%clk 0:00:35]} 53. Ra3
{[%clk 0:06:28]} Rb5 {[%clk 0:00:32]} 54. g6 {[%clk 0:06:46]} Rb6 {[%clk
0:00:37]} 55. g7 {[%clk 0:06:19]} Rb8 {[%clk 0:00:32]} 56. Rxa5 {[%clk
0:06:22]} Rg8 {[%clk 0:00:39]} 57. Ra7 {[%clk 0:06:51]} h4 {[%clk 0:00:32]} 58.
Kxf5 {[%clk 0:07:06]} Rd8 {[%clk 0:00:31]} 59. Ra1 {[%clk 0:07:04]} Ke3 {[%clk
0:00:32]} 60. Rg1 {[%clk 0:07:16]} Re8 {[%clk 0:00:31]} 61. Ke4+ 1-0

[Event "ODJM B 2022"]
[Site "Willingen GER"]
[Date "2022.06.10"]
[Round "8"]
[White "Götz, Timon"]
[Black "Paqarizi, Endrit"]
[Result "1-0"]
[Termination "normal"]
[Board "12"]
[WhiteElo "1558"]
[BlackElo "1380"]
[WhiteClock "01:04:42"]
[BlackClock "00:39:34"]
[PlyCount "44"]
[WhiteFideId "16245040"]
[BlackFideId "16235827"]
[EventCountry "GER"]
[EventRounds "9"]
[EventType "swiss"]
[EventDate "2022.06.04"]

1. c4 {[%clk 1:30:57]} c5 {[%clk 1:30:04]} 2. g3 {[%clk 1:31:18]} Nc6 {[%clk
1:30:22]} 3. Bg2 {[%clk 1:31:34]} Nf6 {[%clk 1:30:07]} 4. Nc3 {[%clk 1:31:39]}
e6 {[%clk 1:27:55]} 5. Nf3 {[%clk 1:31:44]} Be7 {[%clk 1:27:21]} 6. O-O {[%clk
1:30:53]} O-O {[%clk 1:27:31]} 7. d4 {[%clk 1:31:15]} cxd4 {[%clk 1:27:44]} 8.
Nxd4 {[%clk 1:31:36]} Qc7 {[%clk 1:18:26]} 9. b3 {[%clk 1:31:17]} b6 {[%clk
1:18:20]} 10. Bb2 {[%clk 1:31:02]} Bb7 {[%clk 1:18:31]} 11. Rc1 {[%clk
1:30:31]} Nxd4 {[%clk 1:08:21]} 12. Qxd4 {[%clk 1:28:25]} Bxg2 {[%clk 1:07:46]}
13. Kxg2 {[%clk 1:28:45]} a6 {[%clk 1:07:50]} 14. Rfd1 {[%clk 1:27:22]} Rfd8
{[%clk 1:07:19]} 15. Ne4 {[%clk 1:20:04]} Qb7 {[%clk 0:54:20]} 16. f3 {[%clk
1:20:16]} d5 {[%clk 0:53:56]} 17. cxd5 {[%clk 1:18:55]} Rxd5 {[%clk 0:52:54]}
18. Qc4 {[%clk 1:14:32]} Nxe4 {[%clk 0:48:08]} 19. Qxe4 {[%clk 1:13:41]} Rad8
{[%clk 0:44:11]} 20. Rd3 {[%clk 1:08:46]} Qd7 {[%clk 0:42:43]} 21. Rcd1 {[%clk
1:07:29]} Qb5 {[%clk 0:40:12]} 22. Qg4 {[%clk 1:04:42]} Bg5 {[%clk 0:39:34]}
1-0

[Event "ODJM B 2022"]
[Site "Willingen GER"]
[Date "2022.06.10"]
[Round "8"]
[White "Borgert, Alexander"]
[Black "Brunner, Alexander"]
[Result "1/2-1/2"]
[Termination "normal"]
[Board "13"]
[WhiteElo "1468"]
[BlackElo "1666"]
[PlyCount "88"]
[WhiteFideId "16289188"]
[BlackFideId "12965278"]
[EventCountry "GER"]
[EventRounds "9"]
[EventType "swiss"]
[EventDate "2022.06.04"]

1. d4 d5 2. c4 e6 3. Nf3 c6 4. Nc3 f5 5. Bg5 Be7 6. Bxe7 Qxe7 7. cxd5 exd5 8.
e3 Nf6 9. Bd3 Ne4 10. Qc2 O-O 11. Ne5 Nd7 12. Nxd7 Bxd7 13. Bxe4 fxe4 14. O-O-O
Rf7 15. Rd2 Raf8 16. h4 b6 17. Kb1 Be6 18. Rh2 Rc8 19. Qb3 Rf5 20. Qd1 Rcf8 21.
g3 Rf3 22. Qc2 Qf7 23. Na4 Rc8 24. b4 Qb7 25. Qb3 Qe7 26. Ka1 Rc7 27. Rc2 Bc8
28. b5 Bb7 29. bxc6 Bxc6 30. Nc3 Kh8 31. Kb2 Qd6 32. Nb5 Bxb5 33. Rxc7 Qxc7 34.
Qxb5 Qf7 35. Kb3 h6 36. Qe2 Qf6 37. Qc2 Qxd4 38. Qc3 Qc5 39. Qe5 Qc4+ 40. Kb2
Qe2+ 41. Kc3 Rxf2 42. Rxf2 Qxf2 43. Qf4 Qe1+ 44. Kd4 Qd2+ 1/2-1/2

[Event "ODJM B 2022"]
[Site "Willingen GER"]
[Date "2022.06.10"]
[Round "8"]
[White "Kullmann, Theo"]
[Black "Bouhadjer, Youcef"]
[Result "1-0"]
[Termination "normal"]
[Board "15"]
[WhiteElo "1506"]
[BlackElo "1630"]
[PlyCount "39"]
[WhiteFideId "16218582"]
[BlackFideId "16251539"]
[EventCountry "GER"]
[EventRounds "9"]
[EventType "swiss"]
[EventDate "2022.06.04"]

1. e4 e6 2. d4 d5 3. Nd2 dxe4 4. Nxe4 Nf6 5. Nxf6+ Qxf6 6. Nf3 h6 7. Bd3 Nc6 8.
c3 Bd6 9. Be3 b6 10. Be4 Bb7 11. Qa4 Kd7 12. d5 exd5 13. Bxd5 a6 14. O-O-O b5
15. Qg4+ Ke8 16. Rhe1 Kf8 17. Rd2 Rb8 18. Rde2 g6 19. Qe4 Re8 20. Bxh6+ 1-0

[Event "ODJM B 2022"]
[Site "Willingen GER"]
[Date "2022.06.10"]
[Round "8"]
[White "Glotz, Richard"]
[Black "Schilay, Eva"]
[Result "1/2-1/2"]
[Termination "normal"]
[Board "16"]
[WhiteElo "1607"]
[BlackElo "1691"]
[PlyCount "91"]
[WhiteFideId "34601520"]
[BlackFideId "12930164"]
[EventCountry "GER"]
[EventRounds "9"]
[EventType "swiss"]
[EventDate "2022.06.04"]

1. e4 e5 2. Nf3 Nc6 3. Bc4 Nf6 4. Ng5 d5 5. exd5 Nxd5 6. Nxf7 Kxf7 7. Qf3+ Qf6
8. Bxd5+ Be6 9. Qxf6+ gxf6 10. Bxc6 bxc6 11. Nc3 Rg8 12. O-O Bh3 13. g3 Bxf1
14. Kxf1 Bb4 15. Ne2 Rab8 16. d3 Rge8 17. f3 f5 18. Be3 Bd6 19. b3 a6 20. Kf2
Re6 21. c3 Rbe8 22. Re1 f4 23. Bd2 h5 24. g4 hxg4 25. fxg4 Rh8 26. Rh1 Reh6 27.
Kg2 Rh3 28. Nc1 Kg6 29. b4 Kg5 30. c4 c5 31. b5 Kxg4 32. a4 Ra8 33. a5 Rhh8 34.
h3+ Kf5 35. Kf3 Rhb8 36. Rg1 axb5 37. cxb5 Rxb5 38. h4 Rb2 39. Be1 Rh2 40. Rg5+
Kf6 41. Rg4 c6 42. Bc3 Rc2 43. Ne2 Rh8 44. Rxf4+ Ke6 45. Re4 Ra2 46. h5 1/2-1/2

[Event "ODJM B 2022"]
[Site "Willingen GER"]
[Date "2022.06.10"]
[Round "8"]
[White "Schotthöfer, Samira"]
[Black "Andrade, Ruben"]
[Result "0-1"]
[Termination "normal"]
[Board "17"]
[WhiteElo "1304"]
[BlackElo "1694"]
[PlyCount "90"]
[WhiteFideId "16243455"]
[BlackFideId "16246829"]
[EventCountry "GER"]
[EventRounds "9"]
[EventType "swiss"]
[EventDate "2022.06.04"]

1. d4 d5 2. Nf3 Nf6 3. e3 c5 4. Be2 Nc6 5. O-O Bg4 6. b3 e6 7. Bb2 Qc7 8. c4
O-O-O 9. Nbd2 Bd6 10. Rc1 cxd4 11. cxd5 Nxd5 12. Bxd4 Kb8 13. h3 Bh5 14. Bxg7
Rhg8 15. Bb2 f6 16. Ne1 Bxe2 17. Qxe2 Rg6 18. Ne4 Bb4 19. Bc3 Nxc3 20. Nxc3
Rdg8 21. f4 Bxc3 22. Rxc3 Nd4 23. Rxc7 Nxe2+ 24. Kf2 Kxc7 25. Kxe2 f5 26. Rg1
b5 27. Kf2 Kb6 28. Nf3 h5 29. Ne5 R6g7 30. Nf3 Rc8 31. Nd4 Rg6 32. Kf3 Rc3 33.
Rd1 h4 34. Kf2 a5 35. Rd2 a4 36. Ne2 Rc7 37. bxa4 bxa4 38. Rb2+ Kc5 39. Rc2+
Kd6 40. Rd2+ Ke7 41. Rd4 Ra7 42. a3 Ra8 43. Nc3 Rag8 44. Nd1 Rxg2+ 45. Ke1 Ra2
0-1

[Event "ODJM B 2022"]
[Site "Willingen GER"]
[Date "2022.06.10"]
[Round "8"]
[White "Müller, Anker"]
[Black "Fellberg, Justus"]
[Result "0-1"]
[Termination "normal"]
[Board "18"]
[WhiteElo "1509"]
[BlackElo "1262"]
[PlyCount "48"]
[WhiteFideId "1472070"]
[BlackFideId "34608990"]
[EventCountry "GER"]
[EventRounds "9"]
[EventType "swiss"]
[EventDate "2022.06.04"]

1. e4 Nc6 2. d4 d5 3. e5 Bf5 4. Nf3 e6 5. Be3 a6 6. Nbd2 Nb4 7. Bd3 Bxd3 8.
cxd3 Nxd3+ 9. Ke2 Nb4 10. a3 Nc6 11. Re1 f6 12. Kf1 Be7 13. exf6 Bxf6 14. Bf4
Qd7 15. Nb3 b6 16. Qe2 Nd8 17. Rac1 c6 18. a4 a5 19. Be5 Ne7 20. g4 O-O 21. g5
Bxe5 22. Nxe5 Qe8 23. h4 Nf5 24. h5 Ng3+ 0-1

[Event "ODJM B 2022"]
[Site "Willingen GER"]
[Date "2022.06.10"]
[Round "8"]
[White "Schwarz, David"]
[Black "Sari, Reber Furkan"]
[Result "1-0"]
[Termination "normal"]
[Board "19"]
[WhiteElo "1244"]
[BlackElo "1292"]
[PlyCount "71"]
[WhiteFideId "16287614"]
[BlackFideId "34623507"]
[EventCountry "GER"]
[EventRounds "9"]
[EventType "swiss"]
[EventDate "2022.06.04"]

1. e4 e6 2. Nf3 d5 3. exd5 exd5 4. h3 Nf6 5. d4 Bd6 6. c4 c6 7. c5 Bc7 8. Bd3
O-O 9. O-O Nbd7 10. Nc3 Re8 11. Qc2 h6 12. b4 b6 13. Be3 bxc5 14. dxc5 Ne5 15.
Nd4 Bd7 16. b5 cxb5 17. Bxb5 Bxb5 18. Ncxb5 Nc4 19. Nc6 Qc8 20. Ncxa7 Rxa7 21.
Nxa7 Qa6 22. Bd4 Be5 23. Bxe5 Nxe5 24. Rfb1 Qxa7 25. a4 Nc4 26. a5 Nd7 27. c6
Nc5 28. Re1 Rxe1+ 29. Rxe1 Ne4 30. Rxe4 dxe4 31. Qxc4 Qxa5 32. c7 Qa1+ 33. Kh2
Qe5+ 34. g3 Qf6 35. c8=Q+ Kh7 36. Qxe4+ 1-0

[Event "ODJM B 2022"]
[Site "Willingen GER"]
[Date "2022.06.10"]
[Round "8"]
[White "Hartwig, Eric-Jordan"]
[Black "Uhlmann, Jonas"]
[Result "1-0"]
[Termination "normal"]
[Board "20"]
[WhiteElo "1510"]
[BlackElo "1315"]
[PlyCount "100"]
[WhiteFideId "16298454"]
[BlackFideId "16258576"]
[EventCountry "GER"]
[EventRounds "9"]
[EventType "swiss"]
[EventDate "2022.06.04"]

1. e4 e5 2. d4 exd4 3. Qxd4 Nc6 4. Qe3 Nf6 5. Nc3 Bb4 6. Bd2 O-O 7. O-O-O Re8
8. Bc4 d6 9. f3 d5 10. Nxd5 Nxd5 11. Bxd5 Qxd5 12. exd5 Rxe3 13. Bxe3 Ne7 14.
Ne2 Bf5 15. a3 Bd6 16. c4 b6 17. Rhe1 a5 18. Bf4 Bc5 19. Ng3 Rc8 20. Ne4 Bxe4
21. fxe4 Ng6 22. g3 f6 23. d6 Nxf4 24. d7 Rd8 25. gxf4 Kf7 26. e5 fxe5 27. fxe5
Ke6 28. Rf1 h6 29. Kc2 Be7 30. Rfe1 c5 31. Kb3 Bh4 32. Rd6+ Kf7 33. Rf1+ Ke7
34. Rfd1 Bf2 35. R1d5 Bd4 36. Rg6 Kf7 37. e6+ Ke7 38. Ka4 Bxb2 39. Kb5 Bf6 40.
Kxb6 Kxe6 41. Kc6 Kf7 42. Rg3 Bd4 43. Rb3 Ke7 44. Kc7 Bf6 45. Re3+ Kf7 46. Kd6
a4 47. Rxc5 Bg5 48. Rf3+ Kg8 49. Rc8 Kh7 50. c5 Bc1 1-0

[Event "ODJM B 2022"]
[Site "Willingen GER"]
[Date "2022.06.10"]
[Round "8"]
[White "Laux, Filip"]
[Black "Meitzner, Johan Eduard"]
[Result "1-0"]
[Termination "normal"]
[Board "21"]
[WhiteElo "1395"]
[BlackElo "1396"]
[PlyCount "57"]
[WhiteFideId "16275730"]
[BlackFideId "34623612"]
[EventCountry "GER"]
[EventRounds "9"]
[EventType "swiss"]
[EventDate "2022.06.04"]

1. e4 e5 2. Nf3 Nc6 3. Bc4 Bc5 4. c3 Nf6 5. d3 d6 6. Nbd2 a6 7. Bb3 Ba7 8. O-O
O-O 9. Re1 Ng4 10. Re2 Ne7 11. h3 Nf6 12. Nf1 Ng6 13. Ng3 h6 14. d4 Nf4 15.
Bxf4 exf4 16. Nf1 Nh5 17. e5 dxe5 18. Rxe5 Nf6 19. Qd2 c6 20. Rae1 Bd7 21. R5e2
Nh5 22. N1h2 Qc7 23. Ne5 Bf5 24. Nhf3 Qd8 25. Nxf7 Rxf7 26. Ne5 f3 27. Nxf7 Qf6
28. Re8+ Kh7 29. Rxa8 1-0

[Event "ODJM B 2022"]
[Site "Willingen GER"]
[Date "2022.06.10"]
[Round "8"]
[White "Frydel, Marcel"]
[Black "Masur, Maxim"]
[Result "1/2-1/2"]
[Termination "normal"]
[Board "22"]
[WhiteElo "1251"]
[BlackElo "1428"]
[PlyCount "71"]
[WhiteFideId "16245733"]
[BlackFideId "34606637"]
[EventCountry "GER"]
[EventRounds "9"]
[EventType "swiss"]
[EventDate "2022.06.04"]

1. e4 e5 2. Nf3 Nc6 3. Nc3 Nf6 4. d4 exd4 5. Nxd4 Bb4 6. Nxc6 bxc6 7. Bd3 d5 8.
exd5 cxd5 9. O-O O-O 10. Bg5 c6 11. Ne2 Rb8 12. Nd4 Bd7 13. c3 Bd6 14. Qc2 h6
15. Bh4 Re8 16. h3 Qc8 17. Nf5 Be5 18. Bxf6 gxf6 19. Nxh6+ Kg7 20. Nf5+ Kg8 21.
f4 Bc7 22. Rf3 c5 23. Rg3+ Kf8 24. Nh6 Bxf4 25. Rg8+ Ke7 26. Re1+ Be5 27. Nf5+
Bxf5 28. Bxf5 Qb7 29. Rxe8+ Kxe8 30. Rd1 Qxb2 31. Qxb2 Rxb2 32. Rxd5 Bxc3 33.
Bd7+ Ke7 34. Ba4 Be5 35. Bb5 Bd6 36. Rd3 1/2-1/2

[Event "ODJM B 2022"]
[Site "Willingen GER"]
[Date "2022.06.10"]
[Round "8"]
[White "Bock, Leonas"]
[Black "Schaudienst, Arvid"]
[Result "0-1"]
[Termination "normal"]
[Board "23"]
[WhiteElo "1352"]
[BlackElo "1411"]
[PlyCount "60"]
[WhiteFideId "16287118"]
[BlackFideId "16266943"]
[EventCountry "GER"]
[EventRounds "9"]
[EventType "swiss"]
[EventDate "2022.06.04"]

1. d4 Nf6 2. Nf3 g6 3. Nc3 Bg7 4. e4 d6 5. Be3 O-O 6. Qd2 c6 7. Bh6 Nbd7 8.
Bxg7 Kxg7 9. Bd3 b5 10. a4 bxa4 11. Rxa4 Qb6 12. b3 Qc7 13. h4 h5 14. Rg1 Nb6
15. Ra1 Bb7 16. Ne2 c5 17. d5 c4 18. bxc4 Nxc4 19. Qc3 Rfc8 20. g4 Ne5 21. Nxe5
Qxc3+ 22. Nxc3 Rxc3 23. Rb1 Bxd5 24. exd5 dxe5 25. gxh5 Nxh5 26. Be4 Rac8 27.
Kd2 Nf4 28. Rb7 R8c7 29. Rxa7 Rxa7 30. Kxc3 Ne2+ 0-1

[Event "ODJM B 2022"]
[Site "Willingen GER"]
[Date "2022.06.10"]
[Round "8"]
[White "Kanno, Clara Yumi"]
[Black "Hornstein, Leonhard Orell"]
[Result "1-0"]
[Termination "normal"]
[Board "24"]
[WhiteElo "1182"]
[BlackElo "1214"]
[PlyCount "57"]
[WhiteFideId "16259661"]
[BlackFideId "16254643"]
[EventCountry "GER"]
[EventRounds "9"]
[EventType "swiss"]
[EventDate "2022.06.04"]

1. d4 d5 2. Bf4 e6 3. Nf3 f5 4. e3 Nf6 5. Nbd2 Be7 6. h3 O-O 7. Ne5 c6 8. c3
Nbd7 9. Ndf3 Ne4 10. Be2 Nxe5 11. Nxe5 Bh4 12. O-O Bd7 13. Bd3 Be8 14. Bxe4
fxe4 15. Qg4 Bf6 16. Qxe6+ Bf7 17. Qg4 Qe7 18. Qe2 Be6 19. a4 Bg5 20. Bxg5 Qxg5
21. Kh2 Rf6 22. f4 exf3 23. Rxf3 Raf8 24. Raf1 Bf5 25. Rg3 Qh6 26. Rf4 Rd6 27.
Qf1 Qe6 28. Rgf3 g6 29. g4 1-0

[Event "ODJM B 2022"]
[Site "Willingen GER"]
[Date "2022.06.10"]
[Round "8"]
[White "Keuper, David"]
[Black "Wehrle, Valentin"]
[Result "0-1"]
[Termination "normal"]
[Board "25"]
[WhiteElo "1243"]
[BlackElo "1522"]
[PlyCount "120"]
[WhiteFideId "16287568"]
[BlackFideId "65600355"]
[EventCountry "GER"]
[EventRounds "9"]
[EventType "swiss"]
[EventDate "2022.06.04"]

1. d4 Nf6 2. Nf3 g6 3. e3 Bg7 4. Be2 O-O 5. O-O d6 6. b3 c5 7. Bb2 cxd4 8. exd4
e6 9. c4 d5 10. Nc3 Nc6 11. c5 a6 12. Ne5 Nxe5 13. dxe5 Nd7 14. Na4 Bxe5 15.
Bxe5 Nxe5 16. f4 Nd7 17. Qd4 Qf6 18. Qb4 Qe7 19. Rac1 b5 20. Nb2 Nb8 21. Qc3
Nc6 22. Nd3 Bb7 23. Ne5 Nxe5 24. Qxe5 Rac8 25. b4 Rfd8 26. Bg4 Bc6 27. Rfe1 f5
28. Bf3 Kf7 29. Rc2 Qf6 30. Rce2 Qxe5 31. Rxe5 Re8 32. Ra1 Ra8 33. Rae1 a5 34.
a3 axb4 35. axb4 Ra3 36. Rb1 Kf6 37. Ree1 g5 38. fxg5+ Kxg5 39. Ra1 Ra4 40.
Rxa4 bxa4 41. Ra1 Rb8 42. Re1 Kf6 43. Rb1 e5 44. Be2 e4 45. b5 Bd7 46. b6 Ke5
47. Rc1 Bc6 48. Kf2 d4 49. Bc4 d3 50. Ke3 f4+ 51. Kd2 a3 52. g3 fxg3 53. hxg3
Kd4 54. Bb3 Ra8 55. Rc4+ Ke5 56. Rb4 a2 57. Bxa2 Rxa2+ 58. Kd1 e3 59. b7 Ra1+
60. Rb1 Rxb1# 0-1